|
LDR
| 02781nam a2200601 a 4500 |
|---|
| 001 | 52928 |
|---|
| 003 | CZ-PrJAB |
|---|
| 005 | 20170406160437.0 |
|---|
| 007 | ta |
|---|
| 008 | 100419s2007 xr acfhe 000 1dcze |
|---|
| 015 | | . |
‡acnb002095973 |
|---|
| 020 | | . |
‡a978-80-903603-4-1
‡q(soubor 2010) |
|---|
| 020 | | . |
‡a978-80-87569-19-1
‡q(soubor 2013) |
|---|
| 020 | | . |
‡a978-80-903603-5-8
‡q(v knize neuvedeno ;
‡qváz.)
‡z978-80-903603-1-0 |
|---|
| 035 | | . |
‡a(CZ PrNK)nkc20102095973 |
|---|
| 035 | | . |
‡a(OCoLC)614296773 |
|---|
| 040 | | . |
‡aABA001
‡bcze |
|---|
| 043 | | . |
‡ae-xr--- |
|---|
| 045 | | . |
‡ax8y0 |
|---|
| 072 | | 7. |
‡a343.9
‡xKriminalistika
‡2Konspekt
‡916 |
|---|
| 080 | | . |
‡a658.114-051
‡2MRF |
|---|
| 080 | | . |
‡a343.37
‡2MRF |
|---|
| 080 | | . |
‡a343.9.02
‡2MRF |
|---|
| 080 | | . |
‡a328.185
‡2MRF |
|---|
| 080 | | . |
‡a343.611
‡2MRF |
|---|
| 080 | | . |
‡a323
‡2MRF |
|---|
| 080 | | . |
‡a(437.3)
‡2MRF |
|---|
| 080 | | . |
‡a(0:82-96)
‡2MRF |
|---|
| 100 | 1 | . |
‡aKmenta, Jaroslav,
‡d1969-
‡7jn20000401361
‡4aut |
|---|
| 245 | 1 | 0. |
‡aKmotr Mrázek :
‡b[tajný život šéfa českého podsvětí] /
‡cJaroslav Kmenta |
|---|
| 250 | | . |
‡aVyd. 3. [i.e. Vyd. 2.] |
|---|
| 260 | | . |
‡aPraha :
‡bJKM,
‡c2007 |
|---|
| 300 | | . |
‡a174 s., xxxii s. obr. příl. :
‡bil., portréty, faksim. ;
‡c22 cm |
|---|
| 500 | | . |
‡aVročení v tiráži: 2008 |
|---|
| 500 | | . |
‡aČást nákladu distribuována v roce 2010 a 2013 v limitované edici spolu s dalšími 2 díly v krabici se souborným ISBN a názvem Kmotr Mrázek - trilogie, v roce 2013 též název Příběh kmotra : nový film na motivy knih Jaroslava Kmenty; jednotlivé sv. mají různá označení vyd.: [I.] díl 2. vyd., II. díl. 1. vyd. III. díl 1. vyd. |
|---|
| 600 | 1 | 7. |
‡aMrázek, František,
‡d1958-2006
‡7xx0070751
‡2czenas |
|---|
| 648 | | 4. |
‡a1989-2000 |
|---|
| 650 | 0 | 7. |
‡apodnikatelé
‡7ph124163
‡zČesko
‡y20.-21. století
‡2czenas |
|---|
| 650 | 0 | 7. |
‡aekonomická kriminalita
‡7ph120818
‡zČesko
‡y20. století
‡2czenas |
|---|
| 650 | 0 | 7. |
‡aorganizovaná kriminalita
‡7ph115605
‡zČesko
‡y20. století
‡2czenas |
|---|
| 650 | 0 | 7. |
‡akorupce
‡7ph121881
‡zČesko
‡y20. století
‡2czenas |
|---|
| 650 | 0 | 9. |
‡abusinessmen
‡zCzechia
‡y20th-21st centuries
‡2eczenas |
|---|
| 650 | 0 | 9. |
‡acommercial crime
‡zCzechia
‡y20th century
‡2eczenas |
|---|
| 650 | 0 | 9. |
‡aorganized crime
‡zCzechia
‡y20th century
‡2eczenas |
|---|
| 650 | 0 | 9. |
‡acorrupt practices
‡zCzechia
‡y20th century
‡2eczenas |
|---|
| 651 | | 7. |
‡aČesko
‡7ge128065
‡xspolečnost a politika
‡y20. století
‡2czenas |
|---|
| 651 | | 9. |
‡aCzechia
‡xsociety and politics
‡y20th century
‡2eczenas |
|---|
| 655 | | 7. |
‡aliteratura faktu
‡7fd132773
‡2czenas |
|---|
| 655 | | 9. |
‡anon-fiction
‡2eczenas |
|---|
| 740 | 0 | 2. |
‡aPříběh kmotra |
|---|
| 740 | 0 | 2. |
‡aKmotr Mrázek - trilogie |
|---|
| 910 | | . |
‡aABE461 |
|---|
| 995 | | . |
‡aska |
|---|
| 901 | | . |
‡a52928
‡bAUTOGEN
‡c52928
‡tbiblio |
|---|